| 000 | 00600nam a2200229Ia 4500 | ||
|---|---|---|---|
| 003 | OSt | ||
| 005 | 20220928102821.0 | ||
| 006 | a|||||r|||| 00| 0 | ||
| 007 | ta | ||
| 008 | 220927b |||||||| |||| 00| 0 eng d | ||
| 024 | _a58767 | ||
| 037 | _cTextual | ||
| 040 |
_aSDCL _cSDCL _beng |
||
| 041 |
_2eng _aeng |
||
| 082 | _aR625, M7 | ||
| 100 |
_aRanjna _9400525 |
||
| 245 | 0 | _aPrachyanyaya main katha ka udhabhav evam Vikas . | |
| 260 |
_aAllahabad _bShiva Radhan Prakashan _c1987 |
||
| 300 |
_a182p. _ccm. |
||
| 942 |
_hR625, M7 _cTEXL _2CC |
||
| 999 |
_c716433 _d716433 |
||